000 00500nmm a2200181Ia 4500
008 251105s9999||||xx |||||||||||||||||und||
020 _a9789978389829
041 _aspa
100 _aHolguín, Juan Pablo
245 0 _aRepostería creativa
264 _a[Quito, Ecuador] :
_bUniversidad UTE,
_c2019
300 _a124 páginas
650 _aCooking
700 _aHolguín, Juan Pablo
700 1 _a Espinoza, Daniela
856 _uhttps://public.digitaliapublishing.com/a/160242
942 _cCF
999 _c66947
_d66947